Five Largest Urban Areas by Random Country - Statistics

General Stats
  • This quiz has been taken 307 times
  • The average score is 22 of 30
Answer Stats
Answer % Correct
1,340,000 Adelaide
100%
4,775,000 Barcelona
100%
19,800,000 Beijing
100%
3,150,000 Birmingham
100%
3,150,000 Brisbane
100%
Argentina 16,400,000 Buenos Aires
100%
India 30,300,000 Delhi
100%
Turkey 16,000,000 Istanbul
100%
D. R. Congo 12,400,000 Kinshasa
100%
1,880,000 Liverpool
100%
United Kingdom 14,800,000 London
100%
Spain 6,550,000 Madrid
100%
3,050,000 Manchester
100%
4,975,000 Melbourne
100%
Italy 6,200,000 Milan
100%
25,100,000 Mumbai
100%
France 11,400,000 Paris
100%
2,075,000 Perth
100%
3,575,000 Rome
100%
Australia 5,300,000 Sydney
100%
Canada 7,450,000 Toronto
100%
Switzerland 1,400,000 Zurich
100%
9,750,000 Chicago
96%
17,700,000 Los Angeles
96%
United States 22,100,000 New York
96%
7,850,000 San Francisco
96%
South Korea 24,800,000 Seoul
96%
4,050,000 Cape Town
95%
South Africa 13,100,000 Johannesburg
95%
Ukraine 3,475,000 Kiev
95%
1,980,000 Lyon
95%
1,660,000 Marseille
95%
4,225,000 Montreal
95%
Russia 17,300,000 Moscow
95%
33,600,000 Shanghai
95%
5,650,000 St. Petersburg
95%
1,640,000 Turin
95%
2,875,000 Vancouver
95%
Iraq 5,800,000 Baghdad
94%
4,725,000 Berlin
94%
3,250,000 Frankfurt
94%
Pakistan 17,800,000 Karachi
94%
13,200,000 Rio de Janeiro
94%
Brazil 22,400,000 Sao Paulo
94%
Japan 40,400,000 Tokyo
94%
420,000 Bern
93%
600,000 Geneva
93%
5,050,000 Ankara
92%
Indonesia 31,300,000 Jakarta
92%
Venezuela 3,750,000 Caracas
89%
2,875,000 Hamburg
89%
Nigeria 19,400,000 Lagos
89%
Mexico 23,000,000 Mexico City
89%
4,225,000 Naples
89%
Iran 15,300,000 Tehran
89%
1,500,000 Calgary
86%
Colombia 9,600,000 Bogota
85%
Germany 5,000,000 Cologne/Dusseldorf
83%
17,700,000 Osaka
83%
8,550,000 Washington DC
83%
4,000,000 Brasilia
82%
China 46,700,000 Guangzhou
81%
3,025,000 Izmir
80%
4,950,000 Jeddah
80%
Saudi Arabia 8,050,000 Riyadh
80%
1,290,000 Seville
80%
1,840,000 Valencia
80%
16,800,000 Kolkata
78%
Morocco 4,475,000 Casablanca
77%
4,025,000 Medellin
77%
2,050,000 Rabat
77%
1,370,000 Edmonton
76%
1,080,000 Bordeaux
75%
2,125,000 Mecca
75%
4,125,000 Busan
74%
11,300,000 Chennai
74%
5,350,000 Guadalajara
72%
2,200,000 Lubumbashi
71%
1,010,000 Florence
68%
13,000,000 Lahore
67%
5,000,000 Monterrey
67%
2,500,000 Sapporo
67%
12,200,000 Bengaluru
65%
1,290,000 Lille
65%
3,280,000 Durban
64%
1,730,000 Nizhny Novgorod
64%
1,690,000 Novosibirsk
64%
2,100,000 Barranquilla
62%
2,875,000 Cali
62%
1,120,000 Marrakesh
62%
2,400,000 Stuttgart
61%
550,000 Basel
60%
1,390,000 Dnipro
60%
1,540,000 Medina
60%
1,110,000 Odessa
60%
1,270,000 Port Elizabeth
59%
1,660,000 Yekaterinburg
59%
2,175,000 Leeds
58%
12,700,000 Tianjin
57%
10,000,000 Xiamen
57%
10,500,000 Nagoya
56%
1,640,000 Kharkiv
55%
1,270,000 Fes
54%
3,525,000 Abuja
53%
5,000,000 Belo Horizonte
53%
1,670,000 Cordoba
53%
2,750,000 Fukuoka
50%
3,200,000 Isfahan
47%
4,700,000 Kano
47%
430,000 Lausanne
47%
1,030,000 Malaga
47%
2,350,000 Port Harcourt
47%
1,440,000 Donetsk
45%
2,075,000 Bursa
44%
1,210,000 Mosul
44%
3,175,000 Puebla
44%
1,370,000 Rosario
42%
2,500,000 Dammam
40%
3,650,000 Faisalabad
39%
3,450,000 Rawalpindi
39%
2,750,000 Daegu
37%
3,200,000 Mashhad
37%
1,090,000 Mendoza
37%
1,740,000 Adana
36%
2,075,000 Mbuji-Mayi
36%
6,950,000 Bandung
33%
6,100,000 Surabaya
33%
3,575,000 Ibadan
32%
2,625,000 Maracaibo
32%
1,400,000 Basra
31%
4,125,000 Porto Alegre
29%
1,770,000 Shiraz
26%
2,000,000 Valencia
26%
760,000 Erbil
25%
4,000,000 Medan
25%
1,540,000 Daejeon
22%
1,160,000 Kisangani
21%
1,020,000 San Miguel de Tucumán
21%
1,820,000 Tabriz
21%
810,000 East London
18%
1,260,000 Bucaramanga
15%
1,600,000 Gwangju
15%
1,300,000 Barquisimeto
11%
1,190,000 Agadir
8%
2,250,000 Semarang
8%
1,230,000 Kananga
7%
2,775,000 Gujranwala
6%
1,140,000 Najaf
6%
2,325,000 Toluca
6%
1,420,000 Maracay
5%
No matching quizzes found
Score Distribution
Percent of People with Each Score
Percentile by Number Answered
Your Score History
You have not taken this quiz